{"text_format":"3","workbook":"xlsx","n_sheets":3,"sheets":["Sheet1","Sheet2","Sheet3"],"read":"whole","date_system":"1900"}

{"sheet":"Sheet1","index":0,"n_rows":23,"n_cols":13,"rows_kept":23,"merged":[[1,0,1,12],[3,0,16,0],[3,1,4,1],[3,11,16,11],[6,1,8,1],[10,1,11,1],[17,0,17,7],[17,8,17,12],[18,0,18,7],[18,8,18,12],[19,0,19,12],[20,0,20,12],[21,0,21,12],[22,0,22,12]]}
["附件2"]
["报价单"]
["合同包","序号","耗材名称","标准名称","规格","单位","最高控制单价（元）","预计两年使用量","预计两年总价（元）","单价（元）","生产厂家","功能需求","备注"]
[1,1,"医用外科口罩",null,"成人","个",0.22,480000,105600,null,null,"详见招标公告"]
[null,null,"医用外科口罩",null,"成人","个",0.34,72000,24480]
[null,2,"一次性使用手术衣",null,"成人","件",10,200,2000]
[null,3,"一次性医用中单",null,"100*200cm","张",3.2,10800,34560]
[null,null,"一次性医用中单",null,"150*220cm","张",6.5,5500,35750]
[null,null,"一次性使用中单",null,"120*220cm","张",6.8,5600,38080]
[null,4,"一次性使用被服包(枕套)",null,"45*45cm","张",0.8,4000,3200]
[null,5,"一次性使用治疗巾",null,"30*30cm","张",0.45,4000,1800]
[null,null,"一次性使用治疗巾",null,"40*60cm","张",0.6,30000,18000]
[null,6,"一次性使用医用帽",null,"成人","个",0.22,168000,36960]
[null,7,"医用鞋套",null,"短筒型","只",0.11,35000,3850]
[null,8,"一次性使用手术洞巾",null,"120*80cm","张",2.8,1700,4760]
[null,9,"医用护理垫",null,"90*150cm","张",3,4000,12000]
[null,10,"一次性隔离衣",null,"褂式","件",6,20,120]
["总报价："]
["总报价大写："]
["报价包括：货物、制造、运输、保管、保险、各项安装及调试、税收、资料图册提供及伴随服务等一切相关费用，我院不再另行支付费用，价格最低推荐为中标单位。\n备注：1.标准大写（壹、贰、叁、肆、伍、陆、柒、捌、玖、拾、佰、仟、万、元）\n      2.单价、总报价保留小数点后两位，例如：单价200.00。  "]
["      报价公司（全称）："]
[" 授权人签字（盖公章）："]
["                 时间："]

{"sheet":"Sheet2","index":1,"n_rows":0,"n_cols":0,"rows_kept":0}

{"sheet":"Sheet3","index":2,"n_rows":0,"n_cols":0,"rows_kept":0}